Postacie z "Alicja w krainie czarów" - Statystyki

Ogólne statystyki
  • Ten quiz został rozwiązany 22 razy
  • Średni wynik to 3 z 14
Statystyki odpowiedzi
Odpowiedź % Poprawnych
Alicja
90%
Kapelusznik
80%
Biały królik
40%
Kot z Cheshire
20%
Marcowy Zając
10%
Elżbieta, Czerwona Królowa
5%
Mniamałyga
5%
Bandzierchlast
0%
Dodo
0%
Dyludyludi i Dyludyludam
0%
Mirana, Biała Królowa
0%
Pan Gąsienica
0%
Posokowiec Bayard
0%
Walet Kier – Skazeusz
0%
Nie znaleziono quizów pasujących do podanych kryteriów
Rozkład punktacji
Procent ludzi z każdym wynikiem
Percentyl według liczby udzielonych odpowiedzi
Twoja historia wyników
Nie rozwiązałeś tego quizu